00382nam a2200145Ia 4500008004100000040001900041041001200060082002200072100001900094245003300113260003300146300002000179650002100199850001600220131103s9999 xx 000 0 und d aLoreto College aEnglish aF/BUCbLCBED/6254 aBuck, Pearl S. 4aThe Good EarthcPearl S.Buck aNew YorkbPocket Booksc1968 a260p. c 18 cm. aEnglish Fiction  aLCBED/F/BUC